[Event "Altensteig"]
[Site "Altensteig"]
[Date "1989.??.??"]
[Round "?"]
[White "Mohr, Stefan"]
[Black "Luecke, Norbert"]
[Result "1-0"]
[WhiteElo "2485"]
[BlackElo "2415"]
[PlyCount "107"]
[EventDate "1989.07.??"]
[Source "ChessBase"]

1. d4 Nf6 2. c4 g6 3. Nc3 d5 4. Nf3 Bg7 5. Qb3 dxc4 6. Qxc4 O-O 7. Bf4 c6 8. e4 b5 9. Qb3 Qa5 10. Bd3 Be6 11. Qd1 b4 12. Na4 b3+ 13. Nc3 bxa2 14. O-O Rd8 15. h3 Na6 16. Ng5 Rxd4 17. Nxe6 fxe6 18. Be3 Rd6 19. Rxa2 Qd8 20. Rxa6 Rxd3 21. Qc2 Kf7 22. Rxc6 Rd6 23. Rc4 Ne8 24. Ra1 a6 25. e5 Bxe5 26. Ne4 Rd5 27. Ng5+ Kg8 28. Nxe6 Qd6 29. Nf4 Rb5 30. Nd3 Rd8 31. Nxe5 Qxe5 32. Rc8 Rxc8 33. Qxc8 Kf7 34. Qc4+ Qe6 35. Qxe6+ Kxe6 36. Rxa6+ Nd6 37. Rb6 Kd5 38. b4 Kc4 39. Rxb5 Nxb5 40. Bc5 e6 41. Kh2 Kd5 42. Kg3 Ke5 43. Kg4 Kf6 44. f4 h5+ 45. Kf3 Kf5 46. g4+ hxg4+ 47. hxg4+ Kf6 48. Ke4 g5 49. Bd4+ Kg6 50. Be5 gxf4 51. Bxf4 Na3 52. Bc1 Nb5 53. Kd3 Kf6 54. Kc4 1-0

[Event "Komercni Banka op"]
[Site "Pardubice"]
[Date "1997.07.17"]
[Round "1"]
[White "Ftacnik, Lubomir"]
[Black "Walek, Milan"]
[Result "1-0"]
[WhiteElo "2585"]
[BlackElo "2315"]
[PlyCount "61"]
[EventDate "1997.07.17"]
[Source "www.chesslib.no"]
[SourceDate "2004.05.04"]

1. d4 Nf6 2. Nf3 g6 3. c4 Bg7 4. Nc3 d5 5. Qb3 dxc4 6. Qxc4 O-O 7. e4 Nfd7 8. Bf4 Na6 9. Rd1 c5 10. d5 Qa5 11. Be2 Nb6 12. Qb3 c4 13. Qc2 Na4 14. Be5 Bd7 15. Bxg7 Kxg7 16. Qd2 Nxc3 17. bxc3 f6 18. h4 h5 19. e5 Qc5 20. O-O b5 21. Qf4 Rad8 22. Nd4 Qc7 23. d6 exd6 24. e6 Be8 25. Bxh5 Rh8 26. e7 Qxe7 27. Rfe1 Qe5 28. Rxe5 dxe5 29. Ne6+ Kh7 30. Qxf6 Rxd1+ 31. Bxd1 1-0

[Event "Nice op"]
[Site "Nice"]
[Date "1999.??.??"]
[Round "4"]
[White "Lazarev, Vladimir"]
[Black "Spiridonov, Nikola"]
[Result "1-0"]
[WhiteElo "2501"]
[BlackElo "2398"]
[PlyCount "92"]
[EventDate "1999.??.??"]
[Source "www.chesslib.no"]
[SourceDate "2004.05.04"]

1. d4 Nf6 2. c4 g6 3. Nc3 d5 4. Nf3 Bg7 5. Qb3 dxc4 6. Qxc4 O-O 7. Bf4 c6 8. e4 Be6 9. Qd3 Qa5 10. Be2 Rd8 11. O-O Nbd7 12. h3 Nf8 13. a3 b5 14. Ne5 Qb6 15. Be3 Qb7 16. Qc2 a6 17. f4 Rac8 18. b4 N8d7 19. Nd3 Bc4 20. f5 e5 21. fxe6 Bxe6 22. Rf3 Ne8 23. Nf4 Nb6 24. Nxe6 fxe6 25. e5 Nd5 26. Bf2 Nxc3 27. Rxc3 Nc7 28. Bg4 h5 29. Be2 Nd5 30. Rf3 Ne7 31. Qb3 Qd7 32. Rc1 Nf5 33. Rd1 Qd5 34. Qc2 h4 35. Rc3 Bh6 36. Bf3 Qd7 37. Bxc6 Qf7 38. d5 Kh7 39. d6 Bf4 40. Qe4 g5 41. Bxh4 gxh4 42. Qxf4 Qg6 43. Rdc1 Rg8 44. Bf3 Rxc3 45. Rxc3 Qg5 46. Qxg5 Rxg5 1-0

[Event "Guingamp"]
[Site "?"]
[Date "2001.04.??"]
[Round "3"]
[White "Legky Nikolay A"]
[Black "Colovic Aleksandar"]
[Result "1-0"]
[WhiteElo "2477"]
[BlackElo "2416"]
[PlyCount "67"]
[EventDate "2001.??.??"]
[Source "www.chesslib.no"]
[SourceDate "2004.05.04"]

1. d4 Nf6 2. c4 g6 3. Nc3 d5 4. Nf3 Bg7 5. Qb3 dxc4 6. Qxc4 O-O 7. Bf4 Na6 8. e4 c5 9. dxc5 Be6 10. Qb5 Bd7 11. Qxb7 Nxc5 12. Qb4 Ne6 13. Be5 a5 14. Qa3 Qb6 15. Bc4 Ng4 16. Bg3 Nd4 17. O-O e6 18. Rad1 Rfc8 19. b3 Bc6 20. Nxd4 Bxd4 21. Na4 Qa7 22. Qd6 e5 23. Be2 Bxa4 24. Bxg4 Rd8 25. Qf6 Bb5 26. Rxd4 Qxd4 27. Bxe5 Qxe5 28. Qxe5 Bxf1 29. Kxf1 h5 30. Be2 Re8 31. Qf4 Kg7 32. Bc4 Re7 33. e5 Rae8 34. Qf6+ 1-0

[Event "JUG-chT"]
[Site "Tivat"]
[Date "1995.??.??"]
[Round "11"]
[White "Laketic, Gojko"]
[Black "Pavlovic, Milos"]
[Result "1-0"]
[WhiteElo "2420"]
[BlackElo "2470"]
[PlyCount "31"]
[EventDate "1995.??.??"]
[Source "ChessBase"]

1. d4 Nf6 2. c4 g6 3. Nc3 d5 4. Nf3 Bg7 5. Qb3 dxc4 6. Qxc4 O-O 7. Bf4 Na6 8. e4 c5 9. dxc5 Be6 10. Qb5 Bd7 11. Qxb7 Nxc5 12. Qb4 Ne6 13. Be5 a5 14. Qa3 Qb6 15. Bc4 Rfc8 16. Bd5 1-0

[Event "Santa Clara"]
[Site "Santa Clara CUB"]
[Date "1990.??.??"]
[Round "8"]
[White "Yakovich, Yuri"]
[Black "Garcia Martinez, Silvino"]
[Result "1-0"]
[WhiteElo "2470"]
[BlackElo "2415"]
[PlyCount "91"]
[EventDate "1990.02.??"]
[Source "www.chesslib.no"]
[SourceDate "2004.05.04"]

1. d4 Nf6 2. c4 g6 3. Nc3 d5 4. Nf3 Bg7 5. Qb3 dxc4 6. Qxc4 O-O 7. Bf4 c6 8. e4 b5 9. Qb3 Be6 10. Qc2 Qa5 11. Bd2 b4 12. Nd1 c5 13. d5 Bg4 14. Be2 Ne8 15. Ne3 Bxf3 16. Bxf3 Nd6 17. Bg4 Bd4 18. O-O Qb5 19. Kh1 Nd7 20. f4 Nb6 21. Rac1 c4 22. e5 b3 23. axb3 cxb3 24. Qb1 Nb7 25. d6 Nc5 26. dxe7 Rfe8 27. f5 Rxe7 28. e6 Qe8 29. Bf3 Rd8 30. Ng4 fxe6 31. f6 Rc7 32. f7+ Rxf7 33. Nh6+ Kg7 34. Nxf7 Qxf7 35. Bc3 Qf6 36. Rfd1 Bxc3 37. Rxc3 Rxd1+ 38. Qxd1 Nba4 39. Re3 Qxb2 40. h3 h5 41. Bc6 Nb6 42. Rf3 Qe5 43. Qd8 Kh6 44. Qf8+ Kg5 45. Qe7+ Kh6 46. Rf7 1-0

[Event "Moscow ol (Men)"]
[Site "Moscow"]
[Date "1994.??.??"]
[Round "4"]
[White "Lima, Darcy"]
[Black "Odeev, Handszar"]
[Result "0-1"]
[WhiteElo "2475"]
[BlackElo "2405"]
[PlyCount "76"]
[EventDate "1994.11.??"]
[Source "ChessBase"]

1. d4 Nf6 2. c4 g6 3. Nc3 d5 4. Nf3 Bg7 5. Qb3 dxc4 6. Qxc4 O-O 7. e4 Be6 8. d5 Bc8 9. Bg5 c6 10. Rd1 b5 11. Qb3 Qa5 12. Nd2 a6 13. Be2 cxd5 14. exd5 Nbd7 15. a3 Bb7 16. O-O Qc7 17. Rfe1 Nc5 18. Qa2 Rad8 19. Bf3 Nd3 20. Re3 Ne5 21. Nf1 Nxf3+ 22. Rxf3 Qc8 23. h4 h5 24. Rfd3 Rfe8 25. Qb1 Ng4 26. Qc1 Qc5 27. Ne3 Ne5 28. R3d2 Rc8 29. Rc2 Nc4 30. Ne4 Qb6 31. Nxc4 bxc4 32. Nc3 Rcd8 33. Be3 Qf6 34. g3 Qf5 35. Bd4 Rxd5 36. Bxg7 Rxd1+ 37. Qxd1 Kxg7 38. Qd4+ e5 0-1

[Event "Telecom Open"]
[Site "Dublin IRL"]
[Date "1991.??.??"]
[Round "?"]
[White "Flear, Glenn C"]
[Black "Morris, Philip"]
[Result "1-0"]
[WhiteElo "2470"]
[BlackElo "2405"]
[PlyCount "91"]
[EventDate "1991.03.??"]
[Source "www.chesslib.no"]
[SourceDate "2004.05.04"]

1. d4 Nf6 2. c4 g6 3. Nc3 d5 4. Nf3 Bg7 5. Qb3 dxc4 6. Qxc4 O-O 7. Bf4 c6 8. e4 Nbd7 9. Be2 Nb6 10. Qc5 Bg4 11. Rd1 Nfd7 12. Qa3 Bxf3 13. Bxf3 e5 14. dxe5 Qe8 15. Be2 Nxe5 16. O-O Qe6 17. Rfe1 Rfe8 18. Bc1 Bf8 19. Qb3 Qxb3 20. axb3 Ned7 21. Bd3 a5 22. Bc2 Bb4 23. f4 f6 24. Kf2 Nc5 25. Kf3 Rad8 26. Be3 Nc8 27. h4 Nd6 28. g4 Nb5 29. Rg1 Ne6 30. Nxb5 cxb5 31. f5 Nc5 32. fxg6 hxg6 33. e5 fxe5 34. Bxg6 Rf8+ 35. Kg2 Nxb3 36. Bh6 Rxd1 37. Rxd1 Rf6 38. Rd8+ Bf8 39. h5 Nd4 40. g5 Rf4 41. Bb1 Ne6 42. Ba2 Kh7 43. Bxe6 Bxh6 44. Rd7+ Kh8 45. g6 Bg7 46. h6 1-0

[Event "Santa Clara"]
[Site "Santa Clara CUB"]
[Date "1990.??.??"]
[Round "6"]
[White "Yakovich, Yuri"]
[Black "Henao, Raul Fernando"]
[Result "1-0"]
[WhiteElo "2470"]
[BlackElo "2400"]
[PlyCount "69"]
[EventDate "1990.02.??"]
[Source "www.chesslib.no"]
[SourceDate "2004.05.04"]

1. d4 Nf6 2. c4 g6 3. Nc3 d5 4. Nf3 Bg7 5. Qb3 dxc4 6. Qxc4 O-O 7. Bf4 Na6 8. e4 c5 9. dxc5 Be6 10. Qb5 Qc8 11. c6 Nh5 12. cxb7 Bxc3+ 13. Bd2 Bxd2+ 14. Nxd2 Qc2 15. bxa8=Q Rxa8 16. Bd3 Qc5 17. O-O Rd8 18. Qxa6 Nf4 19. Qb5 Nxd3 20. Qxc5 Nxc5 21. Rfd1 Na4 22. Nb3 Rb8 23. Rd2 Rb7 24. Na5 Rc7 25. b3 Nb6 26. f3 Kg7 27. Kf2 Kf6 28. Re1 Bc8 29. Ree2 Rc5 30. b4 Rh5 31. h3 Ba6 32. Re1 Bb5 33. Rc1 Na4 34. Rc7 a6 35. Nc6 1-0

[Event "Bobby Fischer Memorial"]
[Site "Villa Martelli ARG"]
[Date "2008.03.14"]
[Round "4.4"]
[White "Coelho, Luis Henrique"]
[Black "Valerga, Diego"]
[Result "0-1"]
[WhiteElo "2392"]
[BlackElo "2478"]
[PlyCount "104"]
[EventDate "2008.03.11"]
[Source "www.chesslib.no"]
[SourceDate "2004.05.04"]

1. d4 Nf6 2. c4 g6 3. Nc3 d5 4. Nf3 Bg7 5. Qb3 dxc4 6. Qxc4 O-O 7. Bf4 c6 8. e4 Bg4 9. Rd1 Nfd7 10. Be2 Bxf3 11. Bxf3 e5 12. dxe5 Bxe5 13. Be3 Qe7 14. Qb3 Nb6 15. a4 Qe6 16. Qxe6 fxe6 17. Bg4 Re8 18. f4 Bxc3+ 19. bxc3 Nxa4 20. Rd6 Nxc3 21. Bxe6+ Kf8 22. f5 Nxe4 23. Rd4 gxf5 24. Bh6+ Ke7 25. Bxf5 Nd6 26. Bxh7 c5 27. Rd2 Kd7+ 28. Kf2 Nc6 29. Be3 Rxe3 30. Kxe3 Nd4 31. Rc1 Nb3 32. Rdc2 Nxc1 33. Rxc1 Rh8 34. Bb1 Rxh2 35. g4 c4 36. g5 Rg2 37. g6 Ke6 38. Kd4 Rg4+ 39. Kc5 Rg5+ 40. Kb4 a5+ 41. Ka4 b6 42. Rd1 Rg3 43. Bc2 Kd7 44. Rd2 Kc6 45. Re2 Rg1 46. Ka3 b5 47. Kb2 b4 48. Ba4+ Kd5 49. Rh2 Rxg6 50. Rh5+ Kd4 51. Rxa5 Rg2+ 52. Kc1 Ra2 0-1

[Event "Bayamo"]
[Site "Bayamo"]
[Date "1990.??.??"]
[Round "4"]
[White "Yakovich, Yuri"]
[Black "Henao, Raul Fernando"]
[Result "1-0"]
[WhiteElo "2470"]
[BlackElo "2400"]
[PlyCount "83"]
[EventDate "1990.04.??"]
[Source "ChessBase"]

1. d4 Nf6 2. c4 g6 3. Nc3 d5 4. Nf3 Bg7 5. Qb3 dxc4 6. Qxc4 O-O 7. Bf4 Na6 8. e4 c5 9. dxc5 Be6 10. Qb5 Bd7 11. Qxb7 Nxc5 12. Qb4 Ne6 13. Be5 a5 14. Qa3 Qb6 15. Nd5 Nxd5 16. exd5 Ng5 17. Bxg7 Nxf3+ 18. Qxf3 Kxg7 19. Qc3+ Kg8 20. Bc4 Bb5 21. b3 Rfc8 22. O-O Bxc4 23. bxc4 Rc5 24. Rfd1 Rac8 25. Rd4 Rb5 26. Re1 Rb1 27. Rde4 Rb2 28. Qf3 Rc7 29. g3 Qc5 30. Rf4 f6 31. Re6 Rd2 32. Kg2 a4 33. a3 g5 34. Rfxf6 exf6 35. Qxf6 Rxf2+ 36. Qxf2 Qxf2+ 37. Kxf2 Rxc4 38. Ke3 Rc3+ 39. Kd2 Rxa3 40. d6 Kf7 41. d7 Ra2+ 42. Kd3 1-0

[Event "Wuerzburg op"]
[Site "Wuerzburg"]
[Date "1996.??.??"]
[Round "3.3"]
[White "Luft, Andreas"]
[Black "Zagorskis, Darius"]
[Result "1/2-1/2"]
[WhiteElo "2325"]
[BlackElo "2530"]
[PlyCount "23"]
[EventDate "1996.??.??"]
[Source "www.chesslib.no"]
[SourceDate "2004.05.04"]

1. d4 Nf6 2. c4 g6 3. Nc3 d5 4. Nf3 Bg7 5. Qb3 dxc4 6. Qxc4 O-O 7. Bf4 Na6 8. e4 c6 9. Be2 Bg4 10. O-O Nd7 11. Rad1 Qb6 12. Be3 1/2-1/2

[Event "tt"]
[Site "France tt"]
[Date "1995.??.??"]
[Round "?"]
[White "Flear, Glenn C"]
[Black "Piankov, Evgenij"]
[Result "1/2-1/2"]
[WhiteElo "2480"]
[BlackElo "2375"]
[PlyCount "82"]
[EventDate "1995.??.??"]
[Source "www.chesslib.no"]
[SourceDate "2004.05.04"]

1. d4 Nf6 2. c4 g6 3. Nc3 d5 4. Nf3 Bg7 5. Qb3 dxc4 6. Qxc4 O-O 7. Bf4 c6 8. e4 b5 9. Qb3 a5 10. Qc2 Bg4 11. Rd1 Qc8 12. Be2 Qe6 13. O-O h6 14. h3 g5 15. Be5 Bxf3 16. Bxf3 Na6 17. Bxf6 Nb4 18. Qb1 Qxf6 19. a3 Na6 20. e5 Qe6 21. Ne4 Rad8 22. Rc1 c5 23. Nxc5 Nxc5 24. Rxc5 Rxd4 25. Rxb5 a4 26. Rd1 Rfd8 27. Rxd4 Rxd4 28. Rb8+ Bf8 29. Qe1 Qc4 30. Qe3 e6 31. Be2 Qd5 32. Rb5 Qd7 33. Qc3 Kg7 34. Qf3 Rf4 35. Qe3 Rd4 36. Qf3 Rf4 37. Qe3 Rd4 38. g3 Rd5 39. Rxd5 Qxd5 40. Bf3 Qc4 41. Be2 Qd5 1/2-1/2

[Event "RUS-Cup02"]
[Site "Moscow"]
[Date "1998.??.??"]
[Round "8"]
[White "Novichkov, Vadim"]
[Black "Odeev, Handszar"]
[Result "1/2-1/2"]
[WhiteElo "2415"]
[BlackElo "2430"]
[PlyCount "102"]
[EventDate "1998.01.21"]
[Source "www.chesslib.no"]
[SourceDate "2004.05.04"]

1. d4 Nf6 2. c4 g6 3. Nc3 d5 4. Nf3 Bg7 5. Qb3 dxc4 6. Qxc4 O-O 7. e4 Be6 8. d5 Bc8 9. Be2 c6 10. O-O cxd5 11. exd5 e6 12. dxe6 Bxe6 13. Qb4 Qc8 14. Bg5 Nd5 15. Nxd5 Bxd5 16. Qd2 Re8 17. Rfe1 Be6 18. Nd4 Nc6 19. Nxe6 Rxe6 20. Rac1 Qf8 21. Bc4 Rxe1+ 22. Rxe1 h6 23. Be3 Rd8 24. Qc2 Qb4 25. Rb1 Nd4 26. Bxd4 Rxd4 27. Bb3 Rf4 28. Rd1 Rf5 29. g3 Bd4 30. Rd2 h5 31. Kg2 h4 32. Re2 Bb6 33. Qc4 Qd6 34. Qc3 Qd7 35. g4 Bd4 36. Qd3 Qc6+ 37. f3 h3+ 38. Kg3 Be5+ 39. f4 Bxf4+ 40. Kxh3 Rf6 41. Qe4 Qc1 42. Rf2 g5 43. Kg2 Bxh2 44. Bxf7+ Kg7 45. Rxf6 Qg1+ 46. Kf3 Qf1+ 47. Ke3 Bg1+ 48. Kd2 Qxf6 49. Bb3 Qxb2+ 50. Bc2 Qd4+ 51. Qxd4+ Bxd4 1/2-1/2

[Event "Villa de Mislata Cerrado-1"]
[Site "Mislata"]
[Date "2001.08.22"]
[Round "3.1"]
[White "Bergez, Luc"]
[Black "Lopez Martinez, Josep Manuel"]
[Result "1/2-1/2"]
[WhiteElo "2392"]
[BlackElo "2448"]
[PlyCount "98"]
[EventDate "2001.08.20"]
[Source "www.chesslib.no"]
[SourceDate "2004.05.04"]

1. d4 Nf6 2. Nf3 g6 3. c4 Bg7 4. Nc3 d5 5. Bf4 O-O 6. Qb3 dxc4 7. Qxc4 c6 8. e4 b5 9. Qd3 b4 10. Na4 Ba6 11. Qc2 Qa5 12. Nc5 Bxf1 13. Kxf1 Na6 14. Nb3 Qb5+ 15. Kg1 Rac8 16. Rc1 Nd7 17. Be3 e5 18. h4 Rfe8 19. h5 Qa4 20. hxg6 hxg6 21. dxe5 c5 22. Qd2 Nxe5 23. Nxe5 Bxe5 24. f4 Bg7 25. f5 Qxa2 26. Bh6 Qxb2 27. Bxg7 Qxg7 28. fxg6 Qxg6 29. Rh6 Qg3 30. Rh3 Qg7 31. Qf4 Rc6 32. Rg3 Rg6 33. Rxg6 Qxg6 34. e5 Re6 35. Rd1 Kg7 36. Rd7 Nb8 37. Rc7 Nc6 38. Nxc5 Rxe5 39. Rxc6 Re1+ 40. Kf2 Qxc6 41. Qd4+ Qf6+ 42. Qxf6+ Kxf6 43. Kxe1 a5 44. Kd2 Kf5 45. Kc2 Kg4 46. Kb3 Kg3 47. Ka4 f5 48. Kxa5 f4 49. Kxb4 f3 1/2-1/2

[Event "Hastings op 9394"]
[Site "Hastings"]
[Date "1993.??.??"]
[Round "?"]
[White "Flear, Glenn C"]
[Black "Ledger, Andrew"]
[Result "1/2-1/2"]
[WhiteElo "2510"]
[BlackElo "2330"]
[PlyCount "82"]
[EventDate "1993.12.??"]
[Source "ChessBase"]

1. d4 Nf6 2. c4 g6 3. Nc3 d5 4. Nf3 Bg7 5. Qb3 dxc4 6. Qxc4 O-O 7. Bf4 c6 8. e4 b5 9. Qb3 Qa5 10. Bd3 Bg4 11. e5 Be6 12. Qd1 Nd5 13. Bd2 Qb6 14. O-O Bg4 15. Nxd5 cxd5 16. Be3 Nc6 17. Rc1 e6 18. Rc5 Bxf3 19. Qxf3 a6 20. Rfc1 Rfc8 21. h4 Bf8 22. R5c2 Qb7 23. a3 Na5 24. h5 Rxc2 25. Rxc2 Rc8 26. Qd1 Rxc2 27. Qxc2 Kg7 28. Bg5 Nc6 29. hxg6 fxg6 30. Qd2 Kg8 31. Be2 Qf7 32. Qc3 Qd7 33. Bg4 Be7 34. Bh6 Bf8 35. Bxf8 Kxf8 36. Qc5+ Kf7 37. Kf1 Ne7 38. Ke2 h5 39. Bf3 Nf5 40. g3 Qd8 41. Kd3 Qg5 1/2-1/2

[Event "Parthenay Open"]
[Site "Parthenay FRA"]
[Date "1992.??.??"]
[Round "8"]
[White "Flear, Glenn C"]
[Black "Salaun, Yann"]
[Result "1-0"]
[WhiteElo "2505"]
[BlackElo "2335"]
[PlyCount "85"]
[EventDate "1992.07.??"]
[Source "www.chesslib.no"]
[SourceDate "2004.05.04"]

1. d4 Nf6 2. c4 g6 3. Nc3 d5 4. Nf3 Bg7 5. Qb3 dxc4 6. Qxc4 O-O 7. Bf4 Na6 8. e4 c5 9. dxc5 Be6 10. Qb5 Bd7 11. Qxb7 Nxc5 12. Qb4 Qb6 13. Qxb6 axb6 14. e5 Nh5 15. Be3 Bc6 16. Be2 f6 17. exf6 Nxf6 18. O-O Nfe4 19. Nxe4 Nxe4 20. Nd4 Bb7 21. Rac1 Rfc8 22. a3 Nd6 23. Bg4 Rxc1 24. Be6+ Kf8 25. Rxc1 Ra4 26. Rd1 Ke8 27. Bb3 Ra5 28. h3 Bd5 29. Bc2 Kd7 30. a4 e6 31. Nb3 Ra8 32. Bd4 Rc8 33. Bxg7 Rxc2 34. Nd4 Rxb2 35. Nxe6 Ra2 36. Nf8+ Kc6 37. Rc1+ Nc4 38. Nxh7 Rxa4 39. Nf8 Bf7 40. Re1 Ra7 41. Nxg6 b5 42. Ne5+ Nxe5 43. Bxe5 1-0

[Event "FRA-chT2S 9900"]
[Site "?"]
[Date "1999.11.20"]
[Round "2"]
[White "Lazarev Vladimir"]
[Black "Sarthou Gaetan"]
[Result "1-0"]
[WhiteElo "2514"]
[BlackElo "2326"]
[PlyCount "79"]
[EventDate "1999.??.??"]
[Source "www.chesslib.no"]
[SourceDate "2004.05.04"]

1. d4 Nf6 2. c4 g6 3. Nc3 d5 4. Nf3 Bg7 5. Qb3 dxc4 6. Qxc4 O-O 7. Bf4 c6 8. e4 Nh5 9. Be3 a5 10. Be2 b5 11. Qd3 f5 12. exf5 Bxf5 13. Qd2 Ra7 14. Bh6 Rd7 15. Bxg7 Nxg7 16. Rd1 Ne6 17. Qe3 Rd6 18. O-O b4 19. Ne4 Bxe4 20. Qxe4 Rf4 21. Qe3 Kg7 22. Bc4 Rf6 23. Rfe1 Nd7 24. Bxe6 Rdxe6 25. Qxe6 Rxe6 26. Rxe6 Nc5 27. Rxc6 Na4 28. Rc2 Qd5 29. b3 Nc3 30. Re1 a4 31. bxa4 Kf6 32. Re5 Qc6 33. d5 Qxa4 34. Rd2 Qd7 35. h4 h6 36. Re6+ Kg7 37. Ne5 Qb7 38. Nc6 Kf8 39. Rxe7 Qb6 40. Re6 1-0

[Event "Besancon"]
[Site "Besancon"]
[Date "1998.??.??"]
[Round "8"]
[White "Legky, Nikolay A"]
[Black "Loeffler, Markus"]
[Result "0-1"]
[WhiteElo "2480"]
[BlackElo "2350"]
[PlyCount "98"]
[EventDate "1998.07.??"]
[Source "www.chesslib.no"]
[SourceDate "2004.05.04"]

1. d4 Nf6 2. c4 g6 3. Nc3 d5 4. Nf3 Bg7 5. Qb3 dxc4 6. Qxc4 O-O 7. Bf4 c6 8. e4 a5 9. Be2 a4 10. a3 Nbd7 11. O-O Qa5 12. Rac1 Nxe4 13. Nxe4 Qf5 14. Bg5 Qxe4 15. Bd3 Qg4 16. Bxe7 Re8 17. Rfe1 Nb6 18. Qc2 Be6 19. Re4 Qh5 20. Bc5 Bb3 21. Qe2 Rxe4 22. Qxe4 Nd7 23. Bd6 Bd5 24. Qe3 Bxf3 25. Qxf3 Qxf3 26. gxf3 Bxd4 27. Re1 Nf6 28. Re2 Rd8 29. Bb4 Nd5 30. Bc4 b5 31. Bxd5 Rxd5 32. Re8+ Kg7 33. Bf8+ Kf6 34. Rc8 c5 35. Rb8 c4 36. Kf1 Bxb2 37. Bb4 h5 38. Rb7 Bd4 39. Ke2 Re5+ 40. Kd2 Bxf2 41. f4 Rd5+ 42. Ke2 Bd4 43. Kf3 Bb2 44. Bf8 g5 45. Be7+ Ke6 46. fxg5 c3 47. Bf6 Rf5+ 48. Ke4 Rxf6 49. Rb6+ Kd7 0-1

[Event "Montpellier op"]
[Site "Montpellier"]
[Date "1999.??.??"]
[Round "9"]
[White "Flear, Glenn C"]
[Black "Sarthou, Gaetan"]
[Result "1/2-1/2"]
[WhiteElo "2484"]
[BlackElo "2326"]
[PlyCount "154"]
[EventDate "1999.??.??"]
[Source "www.chesslib.no"]
[SourceDate "2004.05.04"]

1. d4 Nf6 2. c4 g6 3. Nc3 d5 4. Nf3 Bg7 5. Qb3 dxc4 6. Qxc4 O-O 7. Bf4 c6 8. e4 b5 9. Qb3 Nh5 10. Be3 a5 11. Be2 a4 12. Qc2 f5 13. Rd1 Qa5 14. O-O Na6 15. a3 fxe4 16. Qxe4 Nf6 17. Qxe7 Bf5 18. Ne5 Rac8 19. Qd6 Nb8 20. Bf3 Rfd8 21. Qe7 Re8 22. Qf7+ Kh8 23. Qa2 Be6 24. Qb1 Bb3 25. Rc1 c5 26. Ne4 Nxe4 27. Bxe4 Qa7 28. Qd3 Rcd8 29. Qxb5 cxd4 30. Bf4 Qe7 31. Rc7 Qf6 32. Nd3 Rxe4 33. Bg5 Qa6 34. Qxa6 Nxa6 35. Bxd8 Nxc7 36. Bxc7 Bc4 37. Nc5 Re8 38. Rd1 Bf8 39. Bb6 d3 40. g3 Bxc5 41. Bxc5 Rd8 42. f4 Bb3 43. Rd2 Bc2 44. Kf2 Kg8 45. Bb4 Re8 46. Bc3 Re4 47. Bb4 Kf7 48. Bc5 Ke6 49. Be3 Kd5 50. Bb6 Re7 51. Ba5 Rb7 52. Bc3 Ke4 53. Be5 h5 54. h4 Rb5 55. Bc3 Rc5 56. Bb4 Rc4 57. Bc3 Bb3 58. Ke1 Rc6 59. Kf2 Be6 60. Rd1 Bg4 61. Re1+ Be2 62. Rc1 Bg4 63. Re1+ Be2 64. Rc1 Kd5 65. Ke3 Rc4 66. Kd2 Rc6 67. Be5 Rxc1 68. Kxc1 Bg4 69. Kd2 Ke4 70. Bc7 Bf5 71. Bd8 Kf3 72. Be7 Kxg3 73. Ke3 Kg4 74. Bd8 Kg3 75. Be7 Kg2 76. Bf8 Kf1 77. Bb4 Kg2 1/2-1/2

[Event "Swidnica"]
[Site "?"]
[Date "1998.??.??"]
[Round "?"]
[White "Kempinski Robert"]
[Black "Walach Marcin"]
[Result "1-0"]
[WhiteElo "2505"]
[BlackElo "2285"]
[PlyCount "137"]
[EventDate "1998.??.??"]
[Source "www.chesslib.no"]
[SourceDate "2004.05.04"]

1. d4 Nf6 2. c4 g6 3. Nc3 d5 4. Nf3 Bg7 5. Qb3 dxc4 6. Qxc4 O-O 7. Bf4 c6 8. e4 b5 9. Qb3 Qa5 10. Bd3 Be6 11. Qd1 b4 12. Ne2 c5 13. d5 Bd7 14. O-O Bb5 15. a3 c4 16. Bb1 Rc8 17. Nfd4 Na6 18. Nxb5 Qxb5 19. axb4 Nxb4 20. Nc3 Qb7 21. Qe2 Nd7 22. d6 Nc5 23. dxe7 Qxe7 24. Be3 Nbd3 25. Bxc5 Qxc5 26. Bxd3 Bxc3 27. Rac1 cxd3 28. Qxd3 Qd4 29. Rxc3 Qxd3 30. Rxd3 Rab8 31. b3 Rb4 32. f3 Rcb8 33. Ra1 Rxb3 34. Rxb3 Rxb3 35. Rxa7 Rb2 36. h4 h5 37. Kh2 Re2 38. Kg3 Kg7 39. Ra6 Kg8 40. Ra1 Kg7 41. Rf1 Kh6 42. Rf2 Re1 43. Rc2 Kg7 44. Kf4 Rh1 45. g3 Rg1 46. e5 Re1 47. Rc3 Re2 48. Re3 Rg2 49. Re1 Kh6 50. Re4 Rg1 51. Rd4 Re1 52. Rd8 Kg7 53. Re8 Rg1 54. Re7 Kf8 55. Rc7 Re1 56. Rc6 Kg7 57. Rb6 Re2 58. Rb3 Re1 59. Re3 Rg1 60. Re2 Kh6 61. e6 fxe6 62. Rxe6 Ra1 63. Re7 Ra4+ 64. Ke5 Ra5+ 65. Ke6 Ra3 66. Kf7 g5 67. Re6+ Kh7 68. hxg5 Rxf3+ 69. Rf6 1-0

[Event "Mendrisio Open"]
[Site "Mendrisio SUI"]
[Date "1989.??.??"]
[Round "3"]
[White "Bykhovsky, Avigdor"]
[Black "Tortarolo, Massimiliano"]
[Result "1-0"]
[WhiteElo "2485"]
[BlackElo "2290"]
[PlyCount "81"]
[EventDate "1989.??.??"]
[Source "www.chesslib.no"]
[SourceDate "2004.05.04"]

1. d4 Nf6 2. c4 g6 3. Nc3 d5 4. Nf3 Bg7 5. Qb3 dxc4 6. Qxc4 O-O 7. Bf4 c6 8. e4 Be6 9. Qd3 b5 10. Be2 Nbd7 11. O-O Nh5 12. Be3 Nb6 13. Nd2 Nf6 14. f3 Bc4 15. Qc2 Be6 16. Rfd1 Qb8 17. Bd3 Rd8 18. Be2 Qb7 19. Nb3 Bxb3 20. Qxb3 Nfd7 21. a4 a6 22. a5 Nc8 23. e5 e6 24. Rac1 Ne7 25. Bg5 Re8 26. Bxe7 Rxe7 27. Ne4 Rc8 28. f4 Nb8 29. g4 Qa7 30. Qe3 b4 31. Rc4 Rb7 32. Qc1 Rb5 33. b3 g5 34. Kh1 gxf4 35. Qxf4 Qe7 36. g5 Rb7 37. Nc5 Rbc7 38. Qg4 Nd7 39. Qh5 Bf8 40. Rd3 Re8 41. Rh3 1-0

[Event "BL2-N qual"]
[Site "GER"]
[Date "1991.??.??"]
[Round "?"]
[White "Heinemann, Thies"]
[Black "Gauglitz, Gernot"]
[Result "1/2-1/2"]
[WhiteElo "2340"]
[BlackElo "2430"]
[PlyCount "116"]
[EventDate "1991.??.??"]
[Source "www.chesslib.no"]
[SourceDate "2004.05.04"]

1. d4 Nf6 2. c4 g6 3. Nc3 d5 4. Nf3 Bg7 5. Qb3 dxc4 6. Qxc4 O-O 7. Bf4 Na6 8. e4 c5 9. Rd1 cxd4 10. Rxd4 Qb6 11. e5 Nh5 12. Nd5 Qxb2 13. Bc1 Qa1 14. Be2 Be6 15. O-O Rac8 16. Nxe7+ Kh8 17. Ba3 Bxc4 18. Rxa1 Bxe2 19. Nxc8 Rxc8 20. Ng5 Kg8 21. Re1 Bc4 22. g4 f6 23. gxh5 fxg5 24. hxg6 Be6 25. Be7 hxg6 26. Bxg5 Nc5 27. a3 Kf7 28. Bf4 Nd7 29. Bg3 Rc3 30. Ra4 a6 31. Rb4 Nc5 32. Ra1 b5 33. f4 Bc4 34. Rb2 Nd3 35. Rd2 Bf8 36. h4 Rxa3 37. Rxa3 Bxa3 38. h5 gxh5 39. f5 h4 40. e6+ Kf6 41. Bxh4+ Kxf5 42. e7 Bc5+ 43. Kh2 Bxe7 44. Bxe7 a5 45. Kg3 Ke4 46. Re2+ Kd5 47. Kf3 Ne5+ 48. Rxe5+ Kxe5 49. Ke3 Bf1 50. Kd2 Kd4 51. Kc2 Kc4 52. Kb2 b4 53. Bf8 Bd3 54. Be7 Bf5 55. Bf8 a4 56. Bxb4 Kxb4 57. Ka2 a3 58. Ka1 Kb3 1/2-1/2

[Event "Valle d'Aosta op 8th"]
[Site "Saint Vincent"]
[Date "2000.02.20"]
[Round "9"]
[White "Flear, Glenn C"]
[Black "Tocchioni, Doriano"]
[Result "1-0"]
[WhiteElo "2519"]
[BlackElo "2242"]
[PlyCount "55"]
[EventDate "2000.02.12"]
[Source "ChessBase"]
[SourceDate "2000.03.10"]

1. d4 Nf6 2. c4 g6 3. Nc3 d5 4. Nf3 Bg7 5. Qb3 dxc4 6. Qxc4 O-O 7. Bf4 Na6 8. e4 c5 9. dxc5 Qa5 10. e5 Nd7 11. a3 Qxc5 12. Qe4 Nb6 13. Rc1 Qa5 14. Nd4 Be6 15. Qxb7 Nc5 16. Qf3 Nb3 17. Nc6 Qc5 18. Ne4 Qxc1+ 19. Bxc1 Nxc1 20. Ba6 Rae8 21. O-O Nb3 22. Rd1 Bh6 23. h3 Kg7 24. Nxe7 Kh8 25. Nc6 Nd7 26. Nd6 Nbc5 27. Nxe8 Rxe8 28. Be2 1-0

[Event "HUN Team Ch"]
[Site "HUN"]
[Date "1992.??.??"]
[Round "?"]
[White "Portisch, Ferenc"]
[Black "Navarovszky, Laszlo"]
[Result "1/2-1/2"]
[WhiteElo "2410"]
[BlackElo "2340"]
[PlyCount "30"]
[EventDate "1992.??.??"]
[Source "www.chesslib.no"]
[SourceDate "2004.05.04"]

1. d4 Nf6 2. c4 g6 3. Nc3 d5 4. Nf3 Bg7 5. Qb3 dxc4 6. Qxc4 O-O 7. e4 Nfd7 8. Be3 Nc6 9. Rd1 Nb6 10. Qc5 Bg4 11. d5 Ne5 12. Be2 Bxf3 13. gxf3 Qd6 14. Nb5 Qf6 15. Nd4 c6 1/2-1/2